[Event "21st The Four Nations Chess League Cong"]
[Site "?"]
[Date "2019.01.20"]
[Round "?"]
[White "Cast, Julian"]
[Black "Tamas, Szilard"]
[Result "1/2-1/2"]
[WhiteElo "1982"]
[BlackElo "1821"]
[PlyCount "109"]
[EventDate "2019.??.??"]

1. e4 c5 2. c3 d5 3. exd5 Qxd5 4. d4 Nc6 5. Nf3 Bg4 6. Be2 e6 7. h3 Bxf3 8.
Bxf3 Qd7 9. O-O Nf6 10. Bg5 h6 11. Bxf6 gxf6 12. d5 Ne5 13. dxe6 fxe6 14. Bh5+
Ke7 15. Qc2 Rg8 16. f4 Nd3 17. Na3 b5 18. Rad1 Rd8 19. Rf3 c4 20. f5 Qd5 21.
Rdf1 e5 22. Qe2 Rg5 23. Bg6 Kd7 24. Kh1 Nf4 25. Rd1 Nxe2 26. Rxd5+ Ke7 27. Rxd8
Kxd8 28. Rf2 Nf4 29. Rd2+ Nd3 30. Nxb5 a6 31. Na3 Bxa3 32. bxa3 Ke7 33. Kh2 Nf4
34. Bh7 Rg7 35. Rb2 Kd6 36. Bg6 Kc5 37. Be8 e4 38. g3 Nd3 39. Re2 Re7 40. Ba4
Nc1 41. Re3 Nxa2 42. Bc2 Kd5 43. g4 Nc1 44. Kg3 Nd3 45. h4 Ke5 46. Ba4 Nc5 47.
Bc2 Rd7 48. g5 hxg5 49. hxg5 Rg7 50. Bxe4 Rxg5+ 51. Kf3 Nxe4 52. Rxe4+ Kxf5 53.
Rxc4 Kg6 54. a4 Re5 55. Kf4 1/2-1/2

[Event "21st The Four Nations Chess League Cong"]
[Site "?"]
[Date "2019.01.20"]
[Round "?"]
[White "Tamas, Szilard"]
[Black "Bagley, Andy J"]
[Result "0-1"]
[WhiteElo "1821"]
[BlackElo "1855"]
[PlyCount "90"]
[EventDate "2019.??.??"]

1. d4 e6 2. Bf4 f5 3. Nf3 Nf6 4. e3 b6 5. Nc3 Bb4 6. Bg5 Bb7 7. Bd3 O-O 8. Qd2
Qe8 9. Bxf6 Rxf6 10. a3 Bxc3 11. Qxc3 Qd8 12. O-O-O d5 13. g3 Nd7 14. Bb5 c6
15. Be2 Rc8 16. h4 c5 17. Bb5 cxd4 18. Qxd4 Qc7 19. Qc3 Qxc3 20. bxc3 Nc5 21.
Ne5 Ne4 22. Bd7 Rxc3 23. Kb2 Rc7 24. Rh2 Nc5 25. Bb5 Ba6 26. Bxa6 Nxa6 27. Rd4
Rf8 28. f3 Nc5 29. Rhd2 b5 30. Rb4 a6 31. g4 Na4+ 32. Kc1 fxg4 33. Rxg4 Nb6 34.
Kb2 Rf5 35. f4 Rxe5 36. fxe5 Nc4+ 37. Kc1 Nxd2 38. Kxd2 Kf7 39. Rf4+ Kg6 40. a4
Rc4 41. axb5 axb5 42. Kd3 Rxf4 43. exf4 Kf5 44. Ke3 Kg4 45. c3 h5 0-1

[Event "5th Doncaster England, The Four Nations"]
[Site "?"]
[Date "2017.09.09"]
[Round "?"]
[White "Gogia, Armaan"]
[Black "Tamas, Szilard"]
[Result "1/2-1/2"]
[WhiteElo "1272"]
[BlackElo "1809"]
[PlyCount "118"]
[EventDate "2017.??.??"]

1. e4 c5 2. Nf3 e6 3. d4 cxd4 4. Nxd4 Nc6 5. Nc3 Qc7 6. Be3 a6 7. Qd2 Nf6 8. f3
Be7 9. O-O-O O-O 10. g4 b5 11. h4 Bb7 12. h5 Nxd4 13. Bxd4 d5 14. g5 Nd7 15. g6
b4 16. gxh7+ Kh8 17. h6 f6 18. hxg7+ Kxg7 19. Qh6+ Kh8 20. Rg1 Rf7 21. Rg8+
Rxg8 22. hxg8=Q+ Kxg8 23. Bd3 Rg7 24. exd5 Ne5 25. Bh7+ Rxh7 26. Rg1+ Kh8 27.
Bxe5 Rxh6 28. Bxc7 bxc3 29. d6 Bxd6 30. Bxd6 Bxf3 31. bxc3 Rh1 32. Rxh1+ Bxh1
33. Kd2 Kg7 34. c4 Kf7 35. Ke3 e5 36. a3 Ke6 37. Bc5 Kd7 38. Bf8 Ke6 39. Bb4 f5
40. Bc3 f4+ 41. Kf2 Kf5 42. c5 Bc6 43. Bb2 Bb5 44. Bc3 e4 45. Bd4 Ke6 46. Bc3
Kd5 47. Bd2 Ke5 48. Bc3+ Kf5 49. Bd2 Ba4 50. c4 Bb3 51. c6 Bxc4 52. c7 Be6 53.
Bc1 Bc8 54. Bd2 Bb7 55. Bc1 Ke5 56. Bd2 a5 57. Bc1 a4 58. Bd2 Ba6 59. Bc1 Bb7
1/2-1/2

[Event "5th Doncaster England, The Four Nations"]
[Site "?"]
[Date "2017.09.09"]
[Round "?"]
[White "Tamas, Szilard"]
[Black "Robinson, Brian"]
[Result "1-0"]
[WhiteElo "1809"]
[BlackElo "1581"]
[PlyCount "75"]
[EventDate "2017.??.??"]

1. d4 d5 2. c4 e6 3. Nf3 Nf6 4. Nc3 Be7 5. e3 O-O 6. Bd3 Nbd7 7. Bd2 b6 8. cxd5
Nxd5 9. Nxd5 exd5 10. b4 a6 11. Rc1 h6 12. Qc2 Bd6 13. Qc6 Rb8 14. Qxd5 Bb7 15.
Qf5 Nf6 16. Bb1 Qe7 17. O-O Rfc8 18. a3 a5 19. Ne5 axb4 20. axb4 c6 21. Ng4 Kf8
22. Nxf6 Qxf6 23. Qxf6 gxf6 24. Bf5 Rd8 25. Be4 Rdc8 26. Rc2 Rc7 27. Rfc1 Rbc8
28. b5 c5 29. Bxb7 Rxb7 30. e4 h5 31. Be3 Rbc7 32. dxc5 bxc5 33. b6 Rb7 34.
Bxc5 Bxc5 35. Rxc5 Rxc5 36. Rxc5 Rxb6 37. f3 h4 38. h3 1-0

[Event "15th The Four Nations Chess League Cong"]
[Site "?"]
[Date "2017.09.08"]
[Round "?"]
[White "Tamas, Szilard"]
[Black "Bielby, Paul R"]
[Result "1/2-1/2"]
[WhiteElo "1809"]
[BlackElo "1916"]
[PlyCount "121"]
[EventDate "2017.??.??"]

1. d4 Nf6 2. Nc3 d5 3. g3 Bf5 4. Bg2 c6 5. f3 e6 6. e4 Bg6 7. Nge2 h6 8. Nf4
Bh7 9. a3 Be7 10. Be3 a5 11. Qd2 Na6 12. O-O dxe4 13. Nxe4 Nc7 14. c4 O-O 15.
h3 b5 16. Nxf6+ Bxf6 17. Nh5 bxc4 18. Rfd1 Bd3 19. b3 Bxd4 20. Rac1 Bxe3+ 21.
Qxe3 Qg5 22. Qxg5 hxg5 23. bxc4 Bg6 24. g4 Bxh5 25. gxh5 Rad8 26. Rb1 e5 27.
Rxd8 Rxd8 28. Rb7 Ne6 29. Ra7 Nf4 30. Bf1 Rd1 31. Kf2 Kf8 32. Rxa5 f6 33. Ra6
Ra1 34. Rxc6 Rxa3 35. h6 gxh6 36. Rxf6+ Ke7 37. Rc6 Rc3 38. Ra6 h5 39. Ra5 Kf6
40. Ra8 Ne6 41. Rc8 h4 42. Ra8 Kf5 43. Ra7 Nd4 44. Rf7+ Ke6 45. Rf8 Ke7 46. Ra8
Rxf3+ 47. Ke1 Rc3 48. Ra6 Ne6 49. Kd2 Rf3 50. Ke2 Nd4+ 51. Ke1 Rf6 52. Ra7+ Kd6
53. Rg7 e4 54. Bg2 Rf5 55. Kd1 Nf3 56. Ke2 Kc5 57. Ke3 Rf4 58. Bxf3 exf3 59.
Rxg5+ Kxc4 60. Rg4 Rxg4 61. hxg4 1/2-1/2

[Event "13th The Four Nations Chess League Cong"]
[Site "?"]
[Date "2017.04.09"]
[Round "?"]
[White "Tamas, Szilard"]
[Black "Brown, Geoffrey D"]
[Result "0-1"]
[WhiteElo "1835"]
[BlackElo "1545"]
[PlyCount "68"]
[EventDate "2017.??.??"]

1. e4 c5 2. Nf3 d6 3. c3 Nf6 4. Bb5+ Nc6 5. d3 Bd7 6. O-O a6 7. Bxc6 Bxc6 8.
Qe1 e5 9. Nbd2 b5 10. d4 Qc7 11. d5 Bd7 12. h3 Qc8 13. Kh2 Qd8 14. Rg1 g5 15.
g4 h5 16. Nf1 hxg4 17. Nxg5 Qe7 18. Ng3 O-O-O 19. a4 Bh6 20. axb5 Rdg8 21. bxa6
Kb8 22. Qd1 Ka7 23. Qb3 Bc8 24. Qb5 Bxg5 25. b4 Rxh3+ 26. Kg2 Rxg3+ 27. fxg3
Nxe4 28. bxc5 Nxc5 29. Bxg5 Qxg5 30. Rgb1 Qd2+ 31. Kg1 Qe3+ 32. Kg2 Qf3+ 33.
Kg1 Qxg3+ 34. Kf1 Qd3+ 0-1

[Event "13th The Four Nations Chess League Cong"]
[Site "?"]
[Date "2017.04.08"]
[Round "?"]
[White "Pink, Joshua"]
[Black "Tamas, Szilard"]
[Result "1-0"]
[WhiteElo "1915"]
[BlackElo "1835"]
[PlyCount "107"]
[EventDate "2017.??.??"]

1. e4 c5 2. Nf3 e6 3. Qe2 Nc6 4. g3 Qc7 5. Bg2 d6 6. O-O Nf6 7. d3 Nd7 8. Nc3
a6 9. Bf4 b5 10. e5 d5 11. Nxd5 Qa7 12. Nc3 Bb7 13. a4 b4 14. Ne4 Rd8 15. Nd6+
Bxd6 16. exd6 Nb6 17. Ne5 Nd4 18. Qg4 Nf5 19. Bc6+ Kf8 20. d7 Qa8 21. Qh5 g6
22. Bxb7 Qxb7 23. Qg5 Kg7 24. Ng4 Nxd7 25. Be5+ Nxe5 26. Qf6+ Kg8 27. Qxd8+ Kg7
28. Qf6+ Kg8 29. Nxe5 h5 30. Rae1 h4 31. Nxg6 Rh6 32. Ne7+ Kf8 33. Qg5 Qxe7 34.
Qxe7+ Kxe7 35. c3 Nd6 36. Re5 Nb7 37. cxb4 Kd6 38. Re4 h3 39. bxc5+ Nxc5 40.
Rh4 Rg6 41. Rxh3 Nxa4 42. b3 Nc3 43. Ra1 Ne2+ 44. Kf1 Nd4 45. Rxa6+ Kc5 46.
Rh5+ f5 47. b4+ Kxb4 48. Rh4 Rg4 49. Rxg4 fxg4 50. Rd6 Nf3 51. Rxe6 Kc3 52. Re3
Nd4 53. f4 gxf3 54. Kf2 1-0

[Event "13th The Four Nations Chess League Cong"]
[Site "?"]
[Date "2017.04.08"]
[Round "?"]
[White "Tamas, Szilard"]
[Black "Ter-Gevorkian, Aram"]
[Result "1/2-1/2"]
[WhiteElo "1835"]
[BlackElo "1932"]
[PlyCount "94"]
[EventDate "2017.??.??"]

1. e4 Nf6 2. e5 Nd5 3. Nc3 Nb6 4. d4 d6 5. Be3 Bf5 6. g4 Bd7 7. f4 e6 8. Nf3
Nd5 9. Nxd5 exd5 10. f5 h5 11. Ng5 Be7 12. h4 dxe5 13. dxe5 f6 14. Qxd5 fxg5
15. Bc4 Rf8 16. O-O-O Qc8 17. Rhf1 Bc6 18. Qd3 Nd7 19. Be6 Qd8 20. f6 Nxe5 21.
f7+ Rxf7 22. Bxf7+ Nxf7 23. Qg6 Bd5 24. Rf5 Qd6 25. Qxh5 Qe6 26. Rdxd5 Qxe3+
27. Kd1 Qe6 28. Rfe5 Qf6 29. Rf5 g6 30. Rxf6 gxh5 31. Re6 gxh4 32. g5 Rd8 33.
Rxd8+ Kxd8 34. g6 Nh6 35. g7 Ng8 36. Rg6 Ke8 37. Rg4 Kf7 38. Ke2 Bf6 39. Rc4 c6
40. Rb4 b6 41. Ra4 a5 42. b4 Bc3 43. a3 Kxg7 44. Kd3 axb4 45. axb4 Bf6 46. Ra6
Bd8 47. Ra8 Be7 1/2-1/2

[Event "13th The Four Nations Chess League Cong"]
[Site "?"]
[Date "2017.04.07"]
[Round "?"]
[White "Hadfield, Roy"]
[Black "Tamas, Szilard"]
[Result "0-1"]
[WhiteElo "1635"]
[BlackElo "1835"]
[PlyCount "64"]
[EventDate "2017.??.??"]

1. d4 b6 2. c4 e6 3. e4 Bb7 4. Bd3 d5 5. cxd5 exd5 6. e5 c5 7. Nf3 cxd4 8. Nxd4
Bb4+ 9. Bd2 Bxd2+ 10. Qxd2 Ne7 11. e6 O-O 12. exf7+ Rxf7 13. O-O Qd6 14. Re1
Rf6 15. Nc3 a6 16. Re3 Nbc6 17. Rh3 h6 18. Nxc6 Nxc6 19. Re1 Ne5 20. Rhe3 Ng4
21. Re8+ Rf8 22. Rxf8+ Rxf8 23. g3 Nxf2 24. Bf1 d4 25. Bg2 Bxg2 26. Kxg2 Qc6+
27. Ne4 Nxe4 28. Qxd4 Nf2+ 29. Kf1 Nd3+ 30. Ke2 Qc2+ 31. Ke3 Re8+ 32. Kf3 Nxe1+
0-1

[Event "XII Bancpost A"]
[Site "Miercurea Ciuc ROM"]
[Date "2009.08.14"]
[Round "7.6"]
[White "Costiuc, Ioan"]
[Black "Tamas, Szilard"]
[Result "1-0"]
[WhiteElo "1892"]
[BlackElo "1789"]
[PlyCount "73"]
[EventDate "2009.08.09"]

1. e4 b6 2. Nf3 Bb7 3. Nc3 g6 4. d4 Bg7 5. Bc4 d6 6. O-O Nd7 7. Re1 e5 8. Ng5
Qf6 9. Nd5 Bxd5 10. Bxd5 O-O-O 11. Nxf7 h6 12. Qe2 Nb8 13. dxe5 dxe5 14. Nxd8
Kxd8 15. Be3 c6 16. Bxg8 Rxg8 17. Rad1+ Kc7 18. Rd3 Bf8 19. Red1 Be7 20. g3 g5
21. Rc3 Qg6 22. f3 h5 23. a4 Qe6 24. Qc4 Qg6 25. b4 Rf8 26. a5 g4 27. f4 h4 28.
f5 Qh7 29. axb6+ axb6 30. Bf2 Rf6 31. b5 hxg3 32. Bxg3 Bc5+ 33. Kh1 Qe7 34.
bxc6 Nxc6 35. Rcd3 Nb8 36. Rd5 Rc6 37. Rxe5 1-0

[Event "XII Bancpost A"]
[Site "Miercurea Ciuc ROM"]
[Date "2009.08.13"]
[Round "6.3"]
[White "Tamas, Szilard"]
[Black "Dobre, Florin-Iulian"]
[Result "0-1"]
[WhiteElo "1789"]
[BlackElo "1969"]
[PlyCount "44"]
[EventDate "2009.08.09"]

1. e4 e5 2. Nf3 Nf6 3. d4 Nxe4 4. Bd3 d5 5. Nxe5 Nd7 6. O-O Bd6 7. Nc3 Nxc3 8.
bxc3 O-O 9. f4 Nf6 10. c4 c5 11. c3 dxc4 12. Bxc4 Qb6 13. Ba3 cxd4 14. Rb1 Qc7
15. Bxd6 Qxd6 16. cxd4 Be6 17. Rxb7 Bxc4 18. Nxc4 Qd5 19. Rc7 Rac8 20. Ne3 Qe6
21. Rxa7 Qxe3+ 22. Kh1 Ne4 0-1

[Event "XII Bancpost A"]
[Site "Miercurea Ciuc ROM"]
[Date "2009.08.12"]
[Round "5.5"]
[White "Szabo, Zoltan"]
[Black "Tamas, Szilard"]
[Result "0-1"]
[WhiteElo "1988"]
[BlackElo "1789"]
[PlyCount "64"]
[EventDate "2009.08.09"]

1. e4 c6 2. d4 d5 3. Nc3 dxe4 4. Nxe4 Bf5 5. Ng3 Bg6 6. Nf3 Nf6 7. h4 Nh5 8.
Nxh5 Bxh5 9. Be2 e6 10. c3 Be7 11. g3 Qd5 12. Rg1 Nd7 13. g4 Bg6 14. h5 Be4 15.
Nd2 c5 16. f3 Bh4+ 17. Kf1 f5 18. fxe4 fxe4 19. Rg2 cxd4 20. Bc4 O-O+ 21. Kg1
Qe5 22. Qe2 Nc5 23. cxd4 Qxd4+ 24. Kh1 b5 25. Nb3 Nxb3 26. Bxb3 Rf3 27. Bd2
Qxb2 28. Rf1 Raf8 29. Rxf3 exf3 30. Qxe6+ Kh8 31. Rh2 Qb1+ 32. Be1 Bxe1 0-1

[Event "XII Bancpost A"]
[Site "Miercurea Ciuc ROM"]
[Date "2009.08.12"]
[Round "4.2"]
[White "Tamas, Szilard"]
[Black "Baratosi, Daniel"]
[Result "0-1"]
[WhiteElo "1789"]
[BlackElo "2413"]
[PlyCount "50"]
[EventDate "2009.08.09"]

1. Nf3 Nf6 2. b3 d5 3. Bb2 Bg4 4. e3 Nbd7 5. d4 e6 6. Nbd2 Be7 7. Bd3 O-O 8. e4
dxe4 9. Nxe4 Nd5 10. h3 Bh5 11. g4 Bg6 12. Qd2 c5 13. h4 cxd4 14. Bxd4 Rc8 15.
a3 Bxe4 16. Bxe4 Nc5 17. Bxc5 Rxc5 18. g5 Qc7 19. Qd3 Rc3 20. Qd2 Rd8 21. Rd1
Ne3 22. fxe3 Qg3+ 23. Kf1 Rxd2 24. Rxd2 Rxe3 25. Rhh2 Rxe4 0-1

[Event "XII Bancpost A"]
[Site "Miercurea Ciuc ROM"]
[Date "2009.08.11"]
[Round "3.5"]
[White "Dicu, Razvan Stefan"]
[Black "Tamas, Szilard"]
[Result "0-1"]
[WhiteElo "2126"]
[BlackElo "1789"]
[PlyCount "78"]
[EventDate "2009.08.09"]

1. e4 c6 2. c4 d5 3. cxd5 cxd5 4. exd5 Nf6 5. Qa4+ Bd7 6. Qb3 Na6 7. d4 Qa5+ 8.
Nc3 Nb4 9. Bd2 e6 10. a3 Rc8 11. Na2 Qxd5 12. Qxd5 Nc2+ 13. Kd1 Nxd5 14. Rc1
Ba4 15. Ke2 Bb5+ 16. Kf3 Bxf1 17. Rxf1 Nxd4+ 18. Ke4 Bc5 19. Nf3 f5+ 20. Kd3
Nxf3 21. gxf3 Kf7 22. Ke2 Bd4 23. Rc1 Bxb2 24. Rxc8 Rxc8 25. Rb1 Bxa3 26. Rxb7+
Rc7 27. Rxc7+ Nxc7 28. Kd3 Nd5 29. Kc4 Kf6 30. Kb5 g5 31. Kc6 g4 32. fxg4 fxg4
33. Nc3 Nxc3 34. Bxc3+ Kf5 35. Bd4 a5 36. Bb6 Bb4 37. Kb5 Kf4 38. Bc7+ Kf3 39.
Bg3 Be1 0-1

[Event "XII Bancpost A"]
[Site "Miercurea Ciuc ROM"]
[Date "2009.08.09"]
[Round "1.5"]
[White "Dulman, Egmond Gabriel"]
[Black "Tamas, Szilard"]
[Result "1/2-1/2"]
[WhiteElo "2100"]
[BlackElo "1789"]
[PlyCount "115"]
[EventDate "2009.08.09"]

1. d4 Nf6 2. c4 g6 3. Nc3 d5 4. Nf3 Bg7 5. cxd5 Nxd5 6. g3 c5 7. e4 Nxc3 8.
bxc3 Bg4 9. Rb1 O-O 10. Bg2 cxd4 11. cxd4 Nc6 12. d5 Ne5 13. O-O Rc8 14. Bb2 b6
15. Qb3 Bxf3 16. Bxf3 Nxf3+ 17. Qxf3 Rc2 18. e5 Qd7 19. Qe4 Rfc8 20. e6 fxe6
21. dxe6 Qd6 22. Bxg7 Kxg7 23. Rbd1 Qc5 24. Rd5 Qc4 25. Qe5+ Kg8 26. Rfd1 Rf8
27. Rd7 Re2 28. Qd5 Qxd5 29. R1xd5 Rxe6 30. f4 a5 31. Rc7 Rf5 32. Rd8+ Kf7 33.
Kf2 Rb5 34. Rd2 Rb4 35. Kf3 a4 36. Kg4 h6 37. Rd8 Rb2 38. Rcc8 Ree2 39. Rf8+
Ke6 40. Rc6+ Kd7 41. Rfc8 b5 42. R8c7+ Ke8 43. Rxg6 Rxa2 44. f5 Kf7 45. Rc8
Re4+ 46. Kf3 Re5 47. g4 Rxh2 48. Rcg8 Rc5 49. Ke4 Rc4+ 50. Kd5 Rd2+ 51. Ke5
Rc5+ 52. Ke4 Re2+ 53. Kd4 Rc4+ 54. Kd5 Rd2+ 55. Ke5 Re2+ 56. Kd5 Rd2+ 57. Ke5
Re2+ 58. Kd5 1/2-1/2

[Event "XI.Bancpost - A tournament"]
[Site "?"]
[Date "2008.08.22"]
[Round "7.14"]
[White "Tamas, Szilard"]
[Black "Jakab, Tunde"]
[Result "0-1"]
[WhiteElo "1785"]
[BlackElo "1752"]
[PlyCount "82"]
[EventDate "2008.??.??"]

1. e4 e5 2. Nf3 Nc6 3. d4 exd4 4. Nxd4 d6 5. Bc4 Nf6 6. Nc3 Be7 7. Bg5 Nxe4 8.
Bxe7 Qxe7 9. O-O Nxc3 10. bxc3 O-O 11. Re1 Qf6 12. Nb5 Qd8 13. Qh5 a6 14. Nd4
Ne5 15. Bd5 c6 16. Be4 g6 17. Qd1 d5 18. Bd3 Re8 19. f4 Bg4 20. Be2 Bxe2 21.
Qxe2 Nc4 22. Qxe8+ Qxe8 23. Rxe8+ Rxe8 24. Kf2 f5 25. g3 Nd2 26. Ne2 Ne4+ 27.
Kf3 c5 28. Rd1 Rd8 29. Rd3 Rd7 30. c4 Nf6 31. cxd5 Rxd5 32. Nc3 Rxd3+ 33. cxd3
Kf7 34. h3 Ke6 35. Na4 Nd7 36. Ke3 b5 37. Nc3 Nb6 38. d4 Nd5+ 39. Kd3 c4+ 40.
Kd2 Nxc3 41. Kxc3 Kd5 0-1

[Event "XI.Bancpost - A tournament"]
[Site "?"]
[Date "2008.08.20"]
[Round "4.12"]
[White "Szakats, Stefan"]
[Black "Tamas, Szilard"]
[Result "1-0"]
[WhiteElo "1866"]
[BlackElo "1785"]
[PlyCount "34"]
[EventDate "2008.??.??"]

1. Nf3 Nc6 2. e4 e5 3. Bb5 a6 4. Ba4 Nf6 5. d4 exd4 6. O-O Be7 7. e5 Ne4 8.
Nxd4 Nxe5 9. Re1 Nc5 10. Rxe5 Nxa4 11. Nf5 d6 12. Rxe7+ Kf8 13. Qh5 Be6 14.
Rxe6 fxe6 15. Nxg7 Qf6 16. Bh6 Qxb2 17. Nf5+ Kg8 1-0

[Event "XI.Bancpost - A tournament"]
[Site "?"]
[Date "2008.08.19"]
[Round "2.12"]
[White "Costiuc, Ioan"]
[Black "Tamas, Szilard"]
[Result "1-0"]
[WhiteElo "1893"]
[BlackElo "1785"]
[PlyCount "95"]
[EventDate "2008.??.??"]

1. e4 e5 2. Nf3 Nf6 3. Nc3 Nc6 4. Bb5 Bc5 5. O-O d6 6. h3 O-O 7. a3 Nd4 8. Bc4
c6 9. d3 b5 10. Ba2 a5 11. Nxd4 Bxd4 12. Ne2 c5 13. Nxd4 cxd4 14. f4 Be6 15.
fxe5 dxe5 16. Bg5 Ra6 17. Bxf6 gxf6 18. Qf3 Bxa2 19. Rxa2 Kh8 20. Raa1 Rg8 21.
Rf2 Rg6 22. Raf1 Rc6 23. Kh1 Kg7 24. Qe2 Qb6 25. Rf5 b4 26. axb4 a4 27. Qd2 Qb5
28. Ra1 Rb6 29. c3 dxc3 30. bxc3 Rd6 31. Rf3 Rg5 32. Qc2 Ra6 33. Qb2 f5 34. c4
Qb8 35. exf5 f6 36. b5 Rd6 37. Rxa4 e4 38. Rf2 Rxd3 39. Ra1 e3 40. Re2 Rxf5 41.
b6 Qd6 42. b7 Rd1+ 43. Rxd1 Qxd1+ 44. Kh2 Qd6+ 45. g3 Rf2+ 46. Rxf2 exf2 47.
Qxf2 Qb8 48. Qb6 1-0

[Event "XI.Bancpost - A tournament"]
[Site "?"]
[Date "2008.08.19"]
[Round "3.16"]
[White "Tamas, Szilard"]
[Black "Balacianu, Alexandru George"]
[Result "1-0"]
[WhiteElo "1785"]
[BlackElo "1708"]
[PlyCount "107"]
[EventDate "2008.??.??"]

1. e4 e5 2. Nf3 Nc6 3. Nc3 Nf6 4. d4 Bb4 5. Nxe5 Nxe5 6. dxe5 Nxe4 7. Qd4 Nxc3
8. Qxb4 Nd5 9. Qc5 c6 10. b3 b6 11. Qd6 Qh4 12. Ba3 Qe4+ 13. Kd2 Qd4+ 14. Bd3
Qxf2+ 15. Kc1 Qe3+ 16. Kb1 Qd4 17. Re1 Bb7 18. Bc4 O-O-O 19. Bxd5 Qxd5 20. Qxd5
cxd5 21. Rf1 f6 22. exf6 gxf6 23. Rxf6 Rdg8 24. g3 Rg6 25. Rf2 Re8 26. Kb2 Rge6
27. Rf7 h6 28. Raf1 Re2 29. h4 Rg2 30. Bd6 Ba6 31. R1f3 Bb7 32. Rh7 Bc6 33.
Rxh6 Ree2 34. Rc3 d4 35. Rc4 d3 36. Bf4 b5 37. Rc3 b4 38. Rh8+ Kb7 39. Rb8+ Ka6
40. Rxb4 d2 41. Rd4 Be4 42. Bxd2 Bf5 43. Rd6+ Kb7 44. Bf4 Rxc2+ 45. Rxc2 Rxc2+
46. Ka3 Rc6 47. Rd5 Be6 48. Rg5 Ra6+ 49. Kb2 Rc6 50. h5 Bh3 51. Rg7 Rc8 52. h6
Be6 53. h7 Kc6 54. Be5 1-0

[Event "XI.Bancpost - A tournament"]
[Site "?"]
[Date "2008.08.18"]
[Round "9.14"]
[White "Chibelean, Diana-Valentina"]
[Black "Tamas, Szilard"]
[Result "0-1"]
[WhiteElo "1733"]
[BlackElo "1785"]
[PlyCount "88"]
[EventDate "2008.??.??"]

1. d4 Nf6 2. c4 g6 3. Nc3 d5 4. Nf3 Bg7 5. Bg5 Ne4 6. Bh4 Nxc3 7. bxc3 c5 8. e3
Bg4 9. Be2 O-O 10. O-O Nc6 11. cxd5 Qxd5 12. h3 Bf5 13. Nd2 e5 14. Bc4 Qd7 15.
e4 Bxh3 16. gxh3 Qxh3 17. Bg3 exd4 18. Nf3 dxc3 19. e5 Qg4 20. Be2 Nd4 21. Nxd4
Qxd4 22. Qb3 Bxe5 23. Rad1 Qe4 24. Rfe1 Bd4 25. Bd3 Qf3 26. Kh2 Bxf2 27. Bxf2
Qxf2+ 28. Kh1 Qf3+ 29. Kh2 Rad8 30. Rf1 Qh5+ 31. Kg1 Qh3 32. Qxc3 Qg3+ 33. Kh1
Rd4 34. Qxd4 cxd4 35. Bc4 Qh4+ 36. Kg1 Kg7 37. Rd3 b5 38. Bb3 a5 39. a3 Qg4+
40. Kh1 Qe4+ 41. Rdf3 f5 42. Kh2 Rc8 43. Rf4 Qe5 44. Kh1 Rc3 0-1

[Event "XI.Bancpost - A tournament"]
[Site "?"]
[Date "2008.08.18"]
[Round "1.6"]
[White "Tamas, Szilard"]
[Black "Nagy, Gabor"]
[Result "0-1"]
[WhiteElo "1785"]
[BlackElo "2156"]
[PlyCount "66"]
[EventDate "2008.??.??"]

1. e4 c5 2. d4 cxd4 3. Nf3 Nc6 4. Nxd4 Nf6 5. Nc3 d6 6. Bg5 e6 7. Qd2 a6 8. Be2
Be7 9. f4 h6 10. Bh4 Nxe4 11. Bxe7 Nxd2 12. Bxd8 Nxd4 13. Bb6 Nxe2 14. Kxe2 Nc4
15. Bd4 e5 16. Be3 Nxb2 17. Kf3 Nc4 18. Rhe1 O-O 19. Rad1 Bf5 20. Ne4 Rfd8 21.
g4 Bxe4+ 22. Kxe4 Rac8 23. Bc1 exf4 24. Bxf4 d5+ 25. Kd4 Na3 26. Re7 Nxc2+ 27.
Ke5 Nb4 28. Rxb7 Nc6+ 29. Kf5 Re8 30. Bd6 Rcd8 31. Bg3 Re6 32. Bh4 g5 33. Bxg5
Re5+ 0-1